<?xml version="1.0" encoding="UTF-8"?>
<collection xmlns="http://www.loc.gov/MARC21/slim">
 <record>
  <leader>00439pamaa2200145   4500</leader>
  <controlfield tag="001">0000012798</controlfield>
  <controlfield tag="005">20060712090000.0</controlfield>
  <datafield tag="020" ind1="0" ind2="0">
   <subfield code="a">0521273145 </subfield>
  </datafield>
  <datafield tag="082" ind1=" " ind2=" ">
   <subfield code="a">428.34  LYN</subfield>
  </datafield>
  <datafield tag="090" ind1="0" ind2="0">
   <subfield code="a">PE1128.A2 </subfield>
   <subfield code="b">LYN 1983</subfield>
  </datafield>
  <datafield tag="100" ind1="1" ind2="0">
   <subfield code="a">LYNCH </subfield>
  </datafield>
  <datafield tag="245" ind1="1" ind2="0">
   <subfield code="a">Study listening : </subfield>
   <subfield code="b">understanding lectures and talks in English : student's book  </subfield>
   <subfield code="c">Tony Lynch.</subfield>
  </datafield>
  <datafield tag="260" ind1="0" ind2="0">
   <subfield code="a">Cambridge: </subfield>
   <subfield code="b">C.U.P., </subfield>
   <subfield code="c">1983.</subfield>
  </datafield>
  <datafield tag="300" ind1=" " ind2=" ">
   <subfield code="a">iv, 92p.: </subfield>
   <subfield code="b">25cm.</subfield>
  </datafield>
  <datafield tag="650" ind1="0" ind2="0">
   <subfield code="a">English language -- </subfield>
   <subfield code="x">Spoken English </subfield>
  </datafield>
 </record>
</collection>
